000 00717nam a22001337a 4500
040 _cRUA
082 _aAVM DOK 2017 B657 Or.1
100 _aDOK SOAKEAN ដក់ សៅគៀន
245 _ahaemo parasites in domestic chickens at orkonthor commune, stueng saen district, kampong thom province បរាសិតនៅក្នុងឈាមមាន់ចិញ្ចឹមជាលក្ខណៈគ្រួសារនៅឃុំអូរកន្ធ ក្រុងស្ទឹងសែន ខេត្តកំពង់ធំ
260 _aRUA
_bPhnom penh
300 _aviii;36p
_bill;
_c29cm
856 _uhttps://drive.google.com/file/d/1N7CZ7h5_qSnHh1KbataVYP9tOGFiPW1j/view?usp=sharing
942 _cAVM
999 _c18942
_d18942